000 01146nam0a2200301 4500
001 RU\NLR\ONL2\7283
005 20250613130316.0
010 _a978-5-295-04067-2
_916700
035 _a(NLR Aleph) 009654875
090 _a9585834
_c9585834
100 _a20031217d2007 |||y0rusy50 ca
101 0 _abak
102 _aRU
105 _ay |||||||||
200 1 _aХэзерге башkорт эзэбиэте
_eхрестоматия
_eурта мэкт. 11 кл. өсөн
_f[төз. F. Б. Хөсэйенов, Р. Н. Байымов]
210 _aӨфө
_cКитап
_d2007
215 _a293,[1] б.
_d22
541 1 _aСовременная башкирская литература
_eхрестоматия для 11 кл. сред. шк.
_zrus
606 0 _aБашкирская литература
_91114058
_3RU\NLR\auth\66120783
686 1 _aШ5(2=Баш)7 я72
702 1 _aХөсэйенов
_bF. Б.
_gFайса Батыргэрэй улы
_4220
801 0 _aRU
_bNLR
_c20070829
_gPSBO
852 _aNLR
_bОНЛ
_jБашк./3-4939
942 _cBOOK
980 _aNB
980 _aONL_RF